000 01645nam a2200421 i 4500
001 136688
003 FINmELB
005 20241217181040.0
006 m o u
007 cr cn|||||||||
008 210921s2019 mx ob 001 0 spa d
020 _a9786078708093
_q(e-book)
035 _a(OCoLC)1280141490
040 _aFINmELB
_bspa
_erda
_cFINmELB
050 4 _aB29
_bS161 2019
080 _a121
082 0 4 _a100
_223
100 1 _aSalazar Olmos, Eduardo,
_eautor.
245 1 0 _aRe-despertar a la vida :
_bel hombre adicto : una refleflxión sobre el vivir/viviendo, vivir/muriendo, morir/viviendo, vivir sin vivir, morir sin morir y miedo de despertar a la vida /
_cEduardo Salazar Olmos.
264 1 _aMéxico :
_bPACJ,
_c2019.
300 _a1 recurso en línea (129 páginas)
336 _atexto
_btxt
_2rdacontent/spa
337 _acomputadora
_bc
_2rdamedia/spa
338 _arecurso en línea
_bcr
_2rdacarrier/spa
500 _aIncluye índice.
500 _aResto del subtítulo obtenido de la portada.
504 _aIncluye bibliografía.
588 _aDescripción basada en metadatos suministrados por el editor y otras fuentes.
590 _aRecurso electrónico. Santa Fe, Arg.: elibro, 2021. Disponible vía World Wide Web. El acceso puede estar limitado para las bibliotecas afiliadas a elibro.
650 0 _aPhilosophy.
650 4 _aFilosofía.
655 4 _aLibros electrónicos.
797 2 _aelibro, Corp.
856 4 0 _uhttps://elibro.net/ereader/politecnicointernacional/173768
999 _c136688
_d136688